|
|
|
|
| LEADER |
00000nab a2200000 ar4500 |
| 001 |
vtls008887255 |
| 003 |
SK-MaSNL |
| 005 |
20260426072757.0 |
| 008 |
061201c2006 xo mr|p|||||||000 b|slo |
| 015 |
|
|
|a SNBRB2006/12
|2 snkbucl
|
| 038 |
|
|
|a SNKBUCL
|
| 040 |
|
|
|a SNKBUCL
|b slo
|c SNKBUCL
|e AACR2
|
| 041 |
0 |
|
|a slo
|
| 044 |
|
|
|a xo
|c SK
|
| 080 |
|
|
|a 339.166.82:664.1
|x (437.6)
|x (4)
|2 1997
|
| 080 |
|
|
|a 338.45:664.1
|x (437.6)
|x (4)
|2 1997
|
| 080 |
|
|
|a 664.1
|x (437.6)
|x (4)
|2 1997
|
| 080 |
|
|
|a 339.923(4)
|2 1997
|
| 245 |
0 |
0 |
|a Bye, bye, sugar
|c [autor] (yi)
|
| 610 |
2 |
7 |
|a Európska únia
|2 snkbucl
|9 29861
|
| 650 |
0 |
7 |
|a cukor
|2 snkbucl
|9 18223
|
| 650 |
0 |
7 |
|a trh
|2 snkbucl
|9 406496
|
| 650 |
0 |
7 |
|a cukrovarníctvo
|2 snkbucl
|9 21039
|
| 651 |
|
7 |
|a Slovensko
|2 snkbucl
|9 14231
|
| 773 |
0 |
|
|t Revue priemyslu
|g Č. 3 (2006), s. 14-15
|x 1336-9857
|
| 852 |
|
|
|a SNK
|b KIS3GCP
|
| 958 |
|
|
|a SK
|
| 999 |
|
|
|c 2692011
|d 2693941
|